| 000 | 00893nam a2200301 a 4500 | ||
|---|---|---|---|
| 001 | 000021599 | ||
| 003 | DO-SdBNP | ||
| 005 | 20240710141259.0 | ||
| 007 | ta | ||
| 008 | 240710s1995 dr abc 000 0 spa d | ||
| 020 | _a9591002165 | ||
| 040 |
_aDO-SdBNP _bspa _cBNPHU _erda |
||
| 082 |
_bA662h _222 |
||
| 100 | 1 |
_aArango, Arturo _eautor _944963 |
|
| 245 | 1 | 0 |
_aLa habana elegante / _cArturo Arango |
| 264 |
_aLa Habana : _bEdiciones Unión, _c1995. |
||
| 300 |
_a85 paginas. ; _c19 cm. |
||
| 336 |
_2rdacontent _atexto _btxt |
||
| 337 |
_2rdamedia _asin mediación _bn |
||
| 338 |
_2rdacarrier _avolumen _bnc |
||
| 590 | _aInventariado, 2024/DG | ||
| 650 | 4 |
_aGeografía física _zRepública Dominicana _931346 |
|
| 650 | 4 |
_aGeografía política _zRepública Dominicana _954612 |
|
| 650 | 4 |
_aTurismo _xRepública Dominicana _982379 |
|
| 700 | _910459 | ||
| 910 | _aDG | ||
| 942 |
_2ddc _cLBS1 |
||
| 999 |
_c57246 _d57246 |
||